000 00558nam a2200217Ia 4500
003 OSt
005 20220928140604.0
006 a|||||r|||| 00| 0
007 ta
008 220927b |||||||| |||| 00| 0 eng d
024 _a9692
037 _cTextual
040 _aSDCL
_cSDCL
_beng
041 _2eng
_aeng
082 _aO-,3L75:g(W81), L5
100 _aButler Marilyn
_9496079
245 0 _aJane Austen and the war of ideas.
260 _c1975
942 _hO-,3L75:g(W81), L5
_cTEXL
_2CC
999 _c812346
_d812346